| 000 | 00818nam a2200277Ia 4500 | ||
|---|---|---|---|
| 001 | Para_5510 | ||
| 003 | CHAP | ||
| 008 | 220125s1948 xx 000 0 und d | ||
| 010 | _a203969 | ||
| 040 | _cCHAP | ||
| 090 | _aPA FOLLETO 2824 | ||
| 100 |
_aMarshall, Rush P _971617 |
||
| 245 |
_aCommon diseases of important shade trees / _c by Rush P. Marshall and Alma M. Waterman |
||
| 260 |
_aWashington : _b Department of Agriculture |
||
| 300 | _a53 p. | ||
| 440 |
_aEUA. Dep. of Agri. Farmers' Bull.; 1987 _9169987 |
||
| 650 |
_aArboles de sombra _x Enfermedades _96666 |
||
| 700 |
_aWaterman, Alma M. _9121167 |
||
| 901 | _aPA FOLLETO 2824 | ||
| 902 | _aA | ||
| 905 | _a0000001948 WASa 0000000000 00 | ||
| 910 | _a1948 | ||
| 942 | _cPARA | ||
| 942 |
_cPARA _d1 |
||
| 999 |
_c203969 _d203969 |
||